Sinh học thực vật

Zapisane w:
Opis bibliograficzny
1. autor: Hoàng Đức Cự (Tác giả)
Kolejni autorzy: Hoàng Đúc Cự (Tác giả)
Format: Książka
Język:Vietnamese
Wydane: H. Đại học quốc gia Hà Nội 2006
Hasła przedmiotowe:
Etykiety: Dodaj etykietę
Nie ma etykietki, Dołącz pierwszą etykiete!
Thư viện lưu trữ: Mạng thư viện Đại học Đà Nẵng
LEADER 01118nam a2200349 4500
001 000009079
003 5273
005 20121031091022.0
008 111025s2006 viesd
020 |c 39500đ 
041 0 |a vie 
082 |a 580  |b HO-C 
100 0 |a Hoàng Đức Cự  |e Tác giả 
245 0 |a Sinh học thực vật  |c Hoàng Đức Cự 
260 |a H.  |b Đại học quốc gia Hà Nội  |c 2006 
300 |a 231tr.  |b Hình vẽ  |c 27 cm 
504 |a Thư mục tr.231 
653 |a Sinh học 
653 |a Thực vật 
653 |a Sinh học thực vật 
700 |a Hoàng Đúc Cự  |e Tác giả 
910 |a Đỗ Phú Quý  |d 25/10/2011 
OWN |a LSP 
AVA |a UDN50  |b LSP  |d 580 HO-C  |e check_holdings  |t Error 5003 Not defined in file expand_doc_bib_avail.  |h N  |k 1 
999 |a From the UDN01 
AVA |a UDN50  |b LSP  |d 580 HO-C  |e available  |t Error 5001 Not defined in file expand_doc_bib_avail.  |f 41  |g 0  |h N  |i 12  |k 1 
TYP |a Monograph 
TYP |a Printed language 
980 |a Mạng thư viện Đại học Đà Nẵng